00621cam a2200181 a 450000100100000000500170001000800410002704000250006808200190009310000330011224500500014526000810019530000210027665100230029765100350032065100490035565000350040400000563120200929151728.0960119s1994 ck b 000 0 spa  aDO-SdBNPbspacBNPHU a338.986bS237c1 aSantos, Juan Manuel,d1951 -10aColombia sin fronteras /cJuan Manuel Santos. aColombia :bRepública de Colombia, Ministerio de Comercio Exterior,c1994. a389 p. ;c21 cm. 4aColombiaxComercio 4aColombiaxPolítica Comercial 4aColombiaxRelaciones Económicas Exteriores 4aApertura económicazColombia